Normal view
MARC view
Entry Personal Name
001 - CONTROL NUMBER
- control field: 32005
003 - CONTROL NUMBER IDENTIFIER
- control field: ARRUPE
005 - DATE AND TIME OF LATEST TRANSACTION
- control field: 20170602101311.0
008 - FIXED-LENGTH DATA ELEMENTS
- fixed length control field: 170602|| aca||aabn | a|a d
040 ## - CATALOGING SOURCE
- Original cataloging agency: ARRUPE
- Transcribing agency: ARRUPE
100 ## - HEADING--PERSONAL NAME
- Personal name: Tekere, Edgar Zivanai,
- Dates associated with a name: 1937-2011.
670 ## - SOURCE DATA FOUND
- Source citation: Work cat.: (ARRUPE)63345: Tekere, Edgar Zivanai, 1937-2011., A lifetime of struggle /, 2007.